000 00544nam a2200169 a 4500
001 000043441
005 20201002040921.0
008 140318s1998 sp 000 0 spa d
020 _a8433910809
040 _aDO-SdBNP
_bspa
_cBNPHU
082 _axxxxxxxx
_axxxxxxxx
245 0 4 _aLos cuentos que cuentan /
_ceditor Juan Antonio Masoliver RĂ³denas, Fernando Valls.
260 _aBarcelona, :
_bAnagrama,
_c1998.
300 _a362 p. ;
_c22 cm.
700 1 _aMasoliver RĂ³denas, Juan Antonio,
_eed.
_971118
700 1 _aValls, Fernando,
_eed.
_971119
999 _c42930
_d42930